Statistiques concernant Culture Générale - Série 2622

Cliquez ici pour prendre le quiz!

Statistiques générales

  • Ce quiz a été pris 71 fois
  • Le résultat moyen est 3 sur 10

Statistiques - réponses

QuestionRéponse% Correct
Quel peintre français (1844-1910) était surnommé "Le douanier" ?Henri Rousseau
92%
Qui a écrit "L'existentialisme est un humanisme" en 1946 ? prénom et nomJean-Paul Sartre
59%
Quel Président de la République française (1873 à 1879) avait un nom irlandais ?Mac-Mahon
57%
De quel groupe Muriel Moreno a-t-elle été la chanteuse entre 1984 et 1993 ?Niagara
35%
Qui a écrit le scénario du film "Les enfants du paradis" réalisé en 1945 par Marcel Carné ? prénom et nomJacques Prévert
16%
Qui était surnommé "prince des humanistes" ?Erasme
11%
Sorte de grand filtre qui permet de faire du café en grande quantitépercolateur
11%
Quel écrivain italien (1907-1990) est l'auteur de : "les indifférents", "le mépris", "l'homme" ? prénom et nomAlberto Moravia
6%
Qui est l'auteur de "Jean Santeuil" - livre de jeunesse commencé en 1895 mais qui ne fut jamais achevé ? prénom et nomMarcel Proust
5%
Housse d'ornement dont on revêt les chevaux montés ou attelés dans les cérémonies. - tablier de cuir, de laine, etc., destiné à protéger le dos du cheval contre la pluie, les mouchescaparaçon
3%

Distribution des résultats

Percentile par nombre de réponses

% des personnes avec chaque résultat

Votre développement - résultats

Vous n’avez pas pris ce quiz